শ্রম ও শিল্প আইন / (Record no. 40165)
[ view plain ]
| 000 -LEADER | |
|---|---|
| fixed length control field | 00765nam a2200229 a 4500 |
| 001 - CONTROL NUMBER | |
| control field | 40165 |
| 003 - CONTROL NUMBER IDENTIFIER | |
| rucl marc code | BD-RjUL |
| 005 - DATE AND TIME OF LATEST TRANSACTION | |
| control field | 20211209053142.0 |
| 008 - FIXED-LENGTH DATA ELEMENTS--GENERAL INFORMATION | |
| fixed length control field | 160423s2000 bg ||||| |||| 00| 0 ben d |
| 020 ## - INTERNATIONAL STANDARD BOOK NUMBER | |
| Terms of availability | : TK 200.00 |
| 035 ## - SYSTEM CONTROL NUMBER | |
| System control number | (BD-RjUL)40280 |
| 040 ## - CATALOGING SOURCE | |
| Original cataloging agency | BD-RjUL |
| Language of cataloging | ben |
| Transcribing agency | BD-RjUL |
| 041 ## - LANGUAGE CODE | |
| Language code of text/sound track or separate title | ben |
| 082 ## - DEWEY DECIMAL CLASSIFICATION NUMBER | |
| Edition number | 23 |
| Classification number | 344.01125 |
| Author mark and year | SIS 2000 |
| 100 ## - MAIN ENTRY--PERSONAL NAME | |
| Personal name | সিদ্দিক, এ. বি. |
| 9 (RLIN) | 123664 |
| 245 10 - TITLE STATEMENT | |
| Title | শ্রম ও শিল্প আইন / |
| Statement of responsibility, etc. | এ. বি. সিদ্দিক |
| 260 ## - PUBLICATION, DISTRIBUTION, ETC. (IMPRINT) | |
| Place of publication, distribution, etc. | ঢাকা : |
| Name of publisher, distributor, etc. | কামরুল বুক হাউস, |
| Date of publication, distribution, etc. | ২০০০ |
| 300 ## - PHYSICAL DESCRIPTION | |
| Pagination | [১০], ২৪০ পৃ. ; |
| Size | ২১ সেমি |
| 650 ## - SUBJECT ADDED ENTRY--TOPICAL TERM | |
| Topical term or geographic name as entry element | শ্রম আইন |
| 9 (RLIN) | 123665 |
| Topical term or geographic name as entry element | Labour Law |
| 9 (RLIN) | 123666 |
| 942 ## - ADDED ENTRY ELEMENTS (KOHA) | |
| Source of classification or shelving scheme | Dewey Decimal Classification |
| Koha item type | Books |
| Lost status | Source of classification or shelving scheme | Damaged status | Not for loan | Collection code | Permanent Location | Current Location | Shelving location | Date acquired | Source of acquisition | Cost, normal purchase price | Total Checkouts | Full call number | Date last seen | Copy number | Koha item type |
|---|---|---|---|---|---|---|---|---|---|---|---|---|---|---|---|
| Dewey Decimal Classification | Non-fiction | Central Library, University of Rajshahi | Central Library, University of Rajshahi | 24/11/2004 | Kamrul Bo0ok House , Dhaka | 200.00 | B 344.01125 SIS 2000 | 23/04/2016 | C-2 | Books | |||||
| Dewey Decimal Classification | Non-fiction | Central Library, University of Rajshahi | Central Library, University of Rajshahi | 24/11/2004 | Kamrul Book house, Dhaka | 200.00 | B 344.01125 SIS 2000 | 08/08/2016 | C-3 | Books | |||||
| Dewey Decimal Classification | Non-fiction | Central Library, University of Rajshahi | Central Library, University of Rajshahi | 27/11/2004 | Kamrul book house.Dhaka. | 200.00 | B 344.01125 SIS 2000 | 14/11/2016 | C-4 | Books | |||||
| Dewey Decimal Classification | Not For Loan | Non-fiction | Central Library, University of Rajshahi | Central Library, University of Rajshahi | Reading Room | 24/11/2004 | Kamrul book house.Dhaka. | 200.00 | B 344.01125 SIS 2000 | 26/12/2016 | C1 | Books |